Papers in structural and transformational linguistics. (رقم التسجيلة. 79738)

تفاصيل مارك
000 -الفاتح
حقل البيانات ثابتة الطول 00871cam a2200277 4500
001 - رقم الضبط
رقم الضبط 318901
003 - محدد رقم الضبط
رقم الضبط OSt
005 - وقت وتاريخ اخر تعامل مع التسجيلة
رقم الضبط 20220314161434.0
008 - عناصر البيانات ثابتة الطول - معلومات عامة
حقل البيانات ثابتة الطول 701015s1970 ne b 001 0 eng
010 ## - رقم ضبط مكتبة الكونجرس
رقم ضبط مكتبة الكونجرس 74118128
015 ## - رقم الببليوجرافية الوطنية
رقم الببليوجرافية الوطنية Ne70-24
040 ## - مصدر الفهرسة
وكالة الفهرسة الأصلية DLC
وكالة النسخ DLC
وكالة التعديل DLC
050 00 - رقم طلب مكتبة الكونجرس
رقم التصنيف P25
رقم المادة .F65 vol. 1
082 00 - رقم تصنيف ديوى العشرى
رقم التصنيف 410.8
رقم الطبعة 22
رقم المادة HZP
100 1# - المدخل الرئيسى - إسم شخصى
الإسم الشخصى Harris, Zellig S.
الشكل الأكمل للاسم (Zellig Sabbettai),
التواريخ المصاحبة للاسم 1909-1992.
9 (RLIN) 89511
245 10 - بيان العنوان
العنوان Papers in structural and transformational linguistics.
بيان المسئوليه,etc [By] Zellig S. Harris.
260 ## - PUBLICATION, DISTRIBUTION, ETC. (IMPRINT)
مكان الناشر او الموزع Dordrecht,
اسم الناشر او الموزع Reidel
تاريخ النشر أو التوزيع [1970]
300 ## - الوصف المادى
التعداد x, 850 p.
أبعاد الوعاء 25 cm.
350 ## - السعر - [مهمل]
السعر 130.00
440 #0 - بيان السلسلة/مدخل إضافى-العنوان
العنوان Formal linguistics series,
رقم المجلد/ التعيين التسلسلي v. 1
9 (RLIN) 89512
504 ## - تبصرة ببليوجرافية
تبصرة ببليوجرافية,الخ Includes bibliographical references.
650 #0 - المدخل الاضافى بالموضوع-مصطلح موضوعى
مصطلح موضوعي أو اسم جغرافي كعنصر مدخل Structural linguistics.
9 (RLIN) 38511
650 #0 - المدخل الاضافى بالموضوع-مصطلح موضوعى
مصطلح موضوعي أو اسم جغرافي كعنصر مدخل Generative grammar.
9 (RLIN) 89513
906 ## - عنصر بيانات محلى F, LDF (RLIN)
a 7
b cbc
c orignew
d 3
e ncip
f 19
g y-gencatlg
942 ## - عناصر المدخل الإضافي( كوها)
مصدر التصنيف او مخطط الترفيف Dewey Decimal Classification
Koha [default] item type كتاب
المقتنيات
حالة الفقد نموذج السعر الفعال حالة تلف ليس للاعارة رقم الطلب تاريخ الاكتساب الموقع الحالي الباركود الفرع الرئيسي Date last seen نوع المادة فى نظام كوها مصدر التصنيف او خطة الترفيف Total Checkouts
  2022-03-14     410.8 HZP 2022-03-14 المكتبة المركزية بالمجمعة (CL) 00168970 المكتبة المركزية بالمجمعة (CL) 2022-03-14 كتاب Dewey Decimal Classification  
  2022-03-14     410.8 HZP 2022-03-14 المكتبة المركزية بالمجمعة (CL) 00168971 المكتبة المركزية بالمجمعة (CL) 2022-03-14 كتاب Dewey Decimal Classification  
  2022-03-14     410.8 HZP 2022-03-14 المكتبة المركزية بالمجمعة (CL) 00168972 المكتبة المركزية بالمجمعة (CL) 2022-03-14 كتاب Dewey Decimal Classification  
  2022-03-14     410.8 HZP 2022-03-14 قسم الاجراءات الفنية (IC) 00168975 قسم الاجراءات الفنية (IC) 2022-03-14 كتاب Dewey Decimal Classification  
  2022-03-14     410.8 HZP 2022-03-14 قسم الاجراءات الفنية (IC) 00168976 قسم الاجراءات الفنية (IC) 2022-03-14 كتاب Dewey Decimal Classification  
  2022-03-14     410.8 HZP 2022-03-14 مكتبة كلية العلوم و الدراسات الإنسانية برماح - طالبات (SRF) 00168973 مكتبة كلية العلوم و الدراسات الإنسانية برماح - طالبات (SRF) 2022-03-14 كتاب Dewey Decimal Classification  
  2022-03-14     410.8 HZP 2022-03-14 مكتبة كلية العلوم و الدراسات الإنسانية برماح - طالبات (SRF) 00168974 مكتبة كلية العلوم و الدراسات الإنسانية برماح - طالبات (SRF) 2022-03-14 كتاب Dewey Decimal Classification